000 01340aam a2200313 a 4500
700 _aЗарков, Владимир Владимиров
_d1961-
_9365578
999 _c323395
_d323395
003 BLK
005 20230628005122.0
008 180720b bul||||| |||| 00| 0 bul d
020 _a978-954-9913-65-1
040 _aBLK
041 _aBUL
_cBUL
080 _aВидове данъци. Свободни от данъци зони. Офшорни зони
_b336.21/.26
_z336.21/.26.000.34
080 _aВъншнотърговски отношения - Внос. Износ. Търговски връзки между отделни страни
_b339.56
100 _aБърнстийн, Джейк
_eпърви автор
_91299
139 _aБърнстийн, Джейк
_bБ 93
245 _aГолемите офшорни афери
_bДосиетата "Панама"
_cДжейк Бърнстейн
260 _bНСМ Медиа
_c2018
_aСофия
300 _a264 с.
_c21 см
380 _a3
650 0 _9244527
_aМеждународни валутно-финансови отношения
653 7 _9193156
_aофшорни компании
653 7 _9184602
_aданъчни нарушения
852 _cП 336/Б 93
942 _cKNG
_2udc
_n0
_07
999 _d323395
999 _d323395
999 _d323395